Minesweeper Game - Sudden Death - Statistics

General Stats
  • This quiz has been taken 32,813 times
  • The average score is 45 of 89
Answers on the Grid
Answers color-coded by a green-red scale on the quiz's grid according to % correct below.
0
1
1
1
0
0
1
1
0
0
1
2
1
0
1
1
1
0
0
1
2
1
0
0
0
0
0
0
0
2
3
3
1
0
0
0
0
0
0
1
2
1
0
1
1
0
0
1
3
4
1
0
2
0
0
0
1
2
1
0
2
0
0
1
2
2
1
0
0
2
2
0
0
1
1
0
0
0
1
0
0
1
1
1
0
0
0
1
1
 
Answer Stats
Answer % Correct
0
56%
1
56%
0
55%
0
55%
0
55%
0
55%
0
55%
0
55%
1
55%
1
55%
0
54%
1
54%
1
54%
0
53%
0
53%
0
53%
0
53%
0
53%
0
53%
1
53%
1
53%
1
53%
0
52%
0
52%
0
52%
1
52%
1
52%
1
52%
1
52%
1
52%
0
51%
0
51%
0
51%
1
51%
1
51%
1
51%
1
51%
3
51%
0
50%
0
50%
0
50%
0
50%
0
50%
0
50%
0
50%
0
50%
0
50%
0
50%
0
50%
0
50%
1
50%
2
50%
2
50%
2
50%
0
49%
0
49%
0
49%
0
49%
0
49%
0
49%
0
49%
0
49%
0
49%
1
49%
1
49%
1
49%
1
49%
1
49%
1
49%
2
49%
2
49%
0
48%
0
48%
1
48%
1
48%
2
48%
1
47%
1
47%
2
46%
2
45%
2
45%
1
44%
2
44%
3
44%
1
43%
3
43%
4
42%
1
39%
2
37%
No matching quizzes found
Score Distribution
Percent of People with Each Score
Percentile by Number Answered
Your Score History
You have not taken this quiz